Quizzes
Events
Quiz Creation
Community
Videos
Private Events
Remove Ads
Sign In
Join for FREE
Feedback
Dark Mode
Quiz Categories
Sports
Geography
Music
Movies
Television
Just For Fun
Miscellaneous
History
Literature
Language
Science
Gaming
Entertainment
Religion
Holiday
For Kids
Quiz Lab
Recent
Popular Today
Quiz Kudos Today
Editor Picks
Curator Picks
Quizzes by...
Day
Popularity
Type
Ratings
Length
Year
Community
Subscriptions
Recent Discussions
Orange Saloon
Badges
Playlists
Quests
Create
Leaderboards
Showdown
Live 5
Trivia Bingo
Activity
Puzzle Library
Sporcle Events
Private Events
Virtual Trivia
Globe League
Become a Host
Pub Owners
SporcleCon
Opinionation
Our Games
Videos
Blog
Mobile Apps
Partnerships
Remove Ads and Go Orange
Feedback
Just For Fun
Clickable
Get the Picture
Humor
Quick Pick
Word Ladder
Missing Word
Mixed Word
Blitz
Minefield
This or That
Alphabet
Color
Typing
Sporcle
Puzzle
Word Play
Follow That Line
Logic
Just For Fun
Clickable
Get the Picture
Humor
Quick Pick
Word Ladder
Missing Word
Mixed Word
Blitz
Minefield
This or That
Alphabet
Color
Typing
Sporcle
Puzzle
Word Play
Follow That Line
Logic
Random Quiz
Search Sporcle
×
Quiz Lab
Quiz Lab
Just For Fun
life
Type in answers that appear in a list
Type in answers that appear in a list
Classic
Best Score? Go Orange.
Facts of Life: Justin Stats
Can you name the Facts of Life: Justin?
By
JustK223
12m
50 Questions
21 Plays
21 Plays
21 Plays
Comments
Comments
Give Quiz Kudos
Give Quiz Kudos
-
- Ratings
hide this ad
Replay
Link that replays current quiz
Next Quiz
Link to next quiz in quiz playlist
You Got
0%
They Got
Avg Score
37%
Avg Friend Score
Upgrade to see
Score Distribution
Jump to the score distribution portion of the page
Score
0/50
Timer
12:00
0
Plays Today
Question
Answer
% Correct
[Registered] Political Party
Republican
71.4%
Eye Color
Brown
71.4%
Favorite ice cream
Chocolate
52.4%
Language taken in HS
French
52.4%
Favorite Superhero
Batman
47.6%
College Major
History
47.6%
BEST sports team
Yankees
47.6%
Middle name
Andrew
42.9%
High School attended
North Shore
42.9%
Brother's name
Ryan
42.9%
Musical goddess
Britney Spears
42.9%
My order at McDonalds
Mcnuggets
42.9%
Favorite Movie genre
Comedy
42.9%
Instrument I want to learn
piano
42.9%
Hello
Goodbye
42.9%
Confirmation name
William
38.1%
Date of Birth
February 23, 1990
38.1%
College attending
Providence College
38.1%
Sister's name
Katie
38.1%
Village of Residence
Old Brookville
38.1%
Religion
Roman Catholic
38.1%
Favorite Store
J. Crew
38.1%
College Minor
Political Science
38.1%
Desired Occupation
Lawyer
38.1%
Favorite 90's Band
Nirvana
38.1%
Question
Answer
% Correct
I HATE her
Miley Cyrus
38.1%
High School clique
SEVEN
38.1%
Car I drive
Lexus
38.1%
Unusual fear of...
dirty socks
38.1%
Favorite Color
Navy
33.3%
Song by this goddess
Gimme More
33.3%
Favorite MTV Show
Real World
33.3%
Whats on my wall in dorm
Pictures
33.3%
I LOVE her
Jennifer Aniston
33.3%
Favorite car
Mercedes
33.3%
The tattoo I would get
Celtic Cross
33.3%
Most noticeable scar is on my...
finger
33.3%
Geographic location I'm from/
repp
Long Island
33.3%
Dog's name
Lola
28.6%
Favorite 00's Band
The Killers
28.6%
Whats on my wall in bedroom
My paintings
28.6%
I can eat this every day
Bagel
28.6%
Place of Birth
Manhasset
23.8%
Guilty pleasure TV show
Kardashians
23.8%
Favorite thing to do
Eat
23.8%
My passion in life
Travel
23.8%
My rap name
J Money
23.8%
I take my dunkin ice coffee...
4 sugars and extra cream
23.8%
Favorite soft drink
Cherry coke
23.8%
Four places of heritage
Ireland, Iran, Germany, Hungary
14.3%
Quiz Playlist
Details
Report
Send in Message
Add To Playlist
Classic:
Type in answers that appear in a list
Last Updated: Feb 16, 2017
Quiz Scoreboard
CHALLENGE
Sign Up to Join the Scoreboard
Show All
Scores
Hide
Comments
May contain spoilers
Recently Published
Movies - When Are They Set?
by FPL_Elf
Movies
5m
Popular People in 1961
by mucciniale
History
6m
1-10 Letter E Words III
by El_Dandy
Language
2m
More to Explore
Quiz From the Vault
Featured Blog Post
Where Did the Easter Bunny Come From?
hide this ad
You Might Also Like...
Tags
justin
life
Today's Top Quizzes in Just For Fun
Browse Just For Fun
hide this ad
Today's Top Quizzes in life
Browse life
Top Contributed Quizzes in Just For Fun
1
Harry Potter Logic - 'In Chains' II
2
Crossword Whiteout! 49
3
Survivor Winners Logic Puzzle
4
one piece logic puzzle
5
Letter's Position in the Alphabet Blitz
6
Thermometer Puzzle 25
7
Aquarium Logic Puzzle 17
8
Big Thermometer Puzzle 21
9
Edinburgh Fringe jokes 2015
10
Word Ladder: Ahoy Matey
Explore More
Trending Topics
Disney
Marvel
Anime
Harry Potter
Crossword
NBA
Kpop
WWE
The Office
Soccer
Puzzle
Pokémon
NFL
Country
Song
hide this ad
More By:
JustK223
Quiz
Plays
Rating
Category
Featured
Created
Facts of Life: Justin
21
3.00
Just For Fun
Apr 7, 2010
Go to Creator's Profile
Score Distribution
Quiz Creator Spotlight
JustK223
Follow
Send a Message
Quizzes Created
-
Created Quiz Play Count
-
More By This Creator
Popular Quizzes Today
1
Find the US States - No Outlines Minefield
2
Find the Countries of Europe - No Outlines Minefield
3
The Countries of the World
4
Popular People in 1961
5
1-10 Letter E Words III
6
US States
7
Find the US States
8
One Thing in Common: World Cities II
More Just For Fun Quizzes
3x3 Word Puzzle III
Published
Trending Quizzes
Risky Map Clicking: Least Populous States A-Z
1-10 Letter F Words
1-10 Letter G Words
One Thing in Common: United Kingdom
Risky Map Clicking: Next State Alphabetically
Recently Updated
Leaping Animals
pecheneg
Reality TV Shows (A-Z)
bhenderson79
Rickey Henderson's Hall of Fame Teammates
pecheneg
Champions League XIs: Arsenal
pecheneg
Quick Pick: Celebrities in WWE's Hall of Fame
aduchscher
A-Z Keypad Blitz II
pecheneg
Multiple Oscar Actors
pecheneg
Mystery Phrase Blitz: Oscar 'Best Actors'
pecheneg
F. Scott Fitzgerald Novels
LTH
Pick 3 Villains
ddd62291
Trending Topics
Harry Potter
Anime
Crossword
Kpop
Marvel
Disney
NBA
Song
NFL
Puzzle
Pokémon
Country
Soccer
WWE
The Office
Your Account Isn't Verified!
In order to create a playlist on Sporcle, you need to verify the email address you used during registration. Go to your
Sporcle Settings
to finish the process.
Report this User
Report this user for behavior that violates our
Community Guidelines
.
Details:
Send Report
Go to the Sporcle.com Mobile Site →
Comments